[Event "Ljubljana-chT 70th 1st League"]
[Site "Ljubljana"]
[Date "2017.01.26"]
[Round "3.1"]
[White "Novak, Robert"]
[Black "Novakovic, Gosto"]
[Result "1/2-1/2"]
[WhiteElo "1722"]
[BlackElo "1817"]
[PlyCount "129"]
[EventDate "2017.01.12"]
[EventType "team-swiss"]
[EventRounds "9"]
[EventCountry "SLO"]
[SourceTitle "EXT 2022"]
[Source "ChessBase"]
[SourceDate "2021.10.06"]
[SourceVersion "1"]
[SourceVersionDate "2021.10.06"]
[SourceQuality "1"]
[WhiteTeam "Vrhnika II"]
[BlackTeam "Zelenci LPP"]
[WhiteTeamCountry "SLO"]
[BlackTeamCountry "SLO"]

1. d4 Nf6 2. Nf3 d5 3. g3 e6 4. Bg2 Be7 5. 0-0 0-0 6. Re1 c5 7. c3 Nc6 8. Nbd2 Qb6 9. Nf1 Ne4 10. Ne3 Rd8 11. Ng4 f6 12. Qd3 e5 13. h3 Bxg4 14. hxg4 cxd4 15. cxd4 exd4 16. Rb1 Bc5 17. a3 a5 18. g5 f5 19. Bf4 Re8 20. Rec1 Qd8 21. Rc2 g6 22. Rbc1 Qe7 23. Qb5 Na7 24. Qb3 Rad8 25. Ne5 b6 26. Qd3 Nxg5 27. b4 axb4 28. axb4 Bd6 29. Bxd5+ Kf8 30. Qd2 Nh3+ 31. Kg2 Nxf4+ 32. gxf4 Bxe5 33. fxe5 Rxd5 34. Qh6+ Kg8 35. f4 Nb5 36. Rc6 Qb7 37. Kh2 Rd7 38. Qg5 Nc3 39. Qg2 Rc7 40. b5 Rxc6 41. bxc6 Qc7 42. e3 Nb5 43. Qd5+ Qf7 44. Qxb5 Qa2+ 45. Kh1 dxe3 46. c7 Qa8+ 47. Kg1 Rf8 48. Qb3+ Kg7 49. Qxe3 Rc8 50. Qxb6 Qf3 51. Qf2 Qg4+ 52. Kf1 Qh3+ 53. Ke2 Qb3 54. Qd4 Qb5+ 55. Ke3 Qb7 56. e6+ Kh6 57. Rc2 Qb3+ 58. Rc3 Qxe6+ 59. Kf2 Qa2+ 60. Kg3 Qa5 61. Qc4 Qa7 62. Rc1 Qe3+ 63. Kh2 Qf2+ 64. Kh1 Qf3+ 65. Kh2 1/2-1/2

[Event "Ljubljana-chT 69th 1st League"]
[Site "Ljubljana"]
[Date "2016.01.28"]
[Round "3.1"]
[White "Novakovic, Gosto"]
[Black "Mlacnik, Janez"]
[Result "1/2-1/2"]
[WhiteElo "1804"]
[BlackElo "1870"]
[PlyCount "63"]
[EventDate "2016.01.14"]
[EventType "team-tourn"]
[EventRounds "9"]
[EventCountry "SLO"]
[SourceTitle "EXT 2022"]
[Source "ChessBase"]
[SourceDate "2021.10.06"]
[SourceVersion "1"]
[SourceVersionDate "2021.10.06"]
[SourceQuality "1"]
[WhiteTeam "Zelenci LPP"]
[BlackTeam "Ljubljana Karel Jeraj"]
[WhiteTeamCountry "SLO"]
[BlackTeamCountry "SLO"]

1. d4 d5 2. c4 e5 3. e3 exd4 4. exd4 Bb4+ 5. Nc3 Qe7+ 6. Be3 Nf6 7. Qc2 c5 8. 0-0-0 Bg4 9. Nf3 0-0 10. dxc5 dxc4 11. Nd5 Nxd5 12. Rxd5 Be6 13. Ng5 g6 14. Nxe6 fxe6 15. Rg5 Bxc5 16. Rxc5 Na6 17. Rg5 Nb4 18. Qa4 Rac8 19. Kb1 c3 20. bxc3 Nd5 21. Rxd5 exd5 22. Qb3 Qe4+ 23. Qc2 Rxc3 24. Qxe4 dxe4 25. Bb5 a6 26. Ba4 Rd8 27. Bb3+ Kf8 28. Re1 Kg7 29. Bg5 Re8 30. Bc2 Rc4 31. Rd1 Rc7 32. Rd4 1/2-1/2

[Event "Ljubljana-chT 67th"]
[Site "Gostovanja"]
[Date "2014.01.23"]
[Round "3.2"]
[White "Bajo, Tin"]
[Black "Novakovic, Gosto"]
[Result "0-1"]
[WhiteElo "1651"]
[BlackElo "1788"]
[PlyCount "68"]
[EventDate "2014.01.09"]
[EventType "team-tourn"]
[EventRounds "9"]
[EventCountry "SLO"]
[SourceTitle "EXT 2015"]
[Source "ChessBase"]
[SourceDate "2014.11.20"]
[SourceVersion "1"]
[SourceVersionDate "2014.11.20"]
[SourceQuality "1"]
[WhiteTeam "Kocevje"]
[BlackTeam "Zelenci LPP"]
[WhiteTeamCountry "SLO"]
[BlackTeamCountry "SLO"]

1. e4 e5 2. Nf3 Nc6 3. Bc4 Bc5 4. c3 Nf6 5. d3 h6 6. Nbd2 d6 7. h3 0-0 8. 0-0 a6 9. Bb3 Ne7 10. d4 exd4 11. cxd4 Ba7 12. e5 Nfd5 13. Ne4 dxe5 14. dxe5 Be6 15. Qe2 c6 16. Rd1 Qc7 17. Nd6 Nc8 18. Bxd5 Bxd5 19. Bf4 Bc5 20. Nf5 Ne7 21. N3h4 Ng6 22. Qg4 Be4 23. e6 Qxf4 24. exf7+ Rxf7 25. Qxg6 Bxf5 26. Nxf5 Qxf2+ 27. Kh1 Qxf5 28. Qg3 Qf4 29. Qd3 Bb6 30. Rf1 Qc7 31. Rxf7 Qxf7 32. Rf1 Qd5 33. Qg6 Bc7 34. Rf3 Qd1+ 0-1

[Event "Ljubljana-chT 67th"]
[Site "Gostovanja"]
[Date "2014.01.16"]
[Round "2.2"]
[White "Novakovic, Gosto"]
[Black "Simicak, Metod"]
[Result "1-0"]
[WhiteElo "1788"]
[BlackElo "1882"]
[PlyCount "55"]
[EventDate "2014.01.09"]
[EventType "team-tourn"]
[EventRounds "9"]
[EventCountry "SLO"]
[SourceTitle "EXT 2015"]
[Source "ChessBase"]
[SourceDate "2014.11.20"]
[SourceVersion "1"]
[SourceVersionDate "2014.11.20"]
[SourceQuality "1"]
[WhiteTeam "Zelenci LPP"]
[BlackTeam "Barob Smarca"]
[WhiteTeamCountry "SLO"]
[BlackTeamCountry "SLO"]

1. d4 d5 2. Nf3 Nc6 3. e3 Nf6 4. Nc3 a6 5. a3 h6 6. Bd3 e6 7. 0-0 Bd6 8. h3 Bd7 9. Re1 Qe7 10. e4 dxe4 11. Nxe4 Nxe4 12. Bxe4 0-0-0 13. c4 Qf6 14. Be3 Bf4 15. b4 e5 16. d5 Bxe3 17. Rxe3 Na7 18. a4 Rhe8 19. Qb1 g5 20. c5 g4 21. hxg4 Bxg4 22. b5 Kb8 23. Rb3 Nc8 24. a5 Ne7 25. d6 cxd6 26. bxa6 d5 27. Rxb7+ Ka8 28. Ra7+ 1-0

[Event "Ljubljana-chT 67th"]
[Site "Gostovanja"]
[Date "2014.01.09"]
[Round "1.2"]
[White "Abe, Aljaz"]
[Black "Novakovic, Gosto"]
[Result "0-1"]
[WhiteElo "1780"]
[BlackElo "1788"]
[PlyCount "104"]
[EventDate "2014.01.09"]
[EventType "team-tourn"]
[EventRounds "9"]
[EventCountry "SLO"]
[SourceTitle "EXT 2015"]
[Source "ChessBase"]
[SourceDate "2014.11.20"]
[SourceVersion "1"]
[SourceVersionDate "2014.11.20"]
[SourceQuality "1"]
[WhiteTeam "Loka Pri Mengsu"]
[BlackTeam "Zelenci LPP"]
[WhiteTeamCountry "SLO"]
[BlackTeamCountry "SLO"]

1. e4 e5 2. Nf3 d6 3. d4 f6 4. Bc4 c6 5. Nc3 Bg4 6. d5 Ne7 7. 0-0 Qc7 8. Qd3 Nd7 9. Nd2 Nb6 10. Bb3 a5 11. a4 Ng6 12. Nc4 Nd7 13. h3 Nc5 14. Qg3 Nxb3 15. cxb3 Bd7 16. Be3 c5 17. f4 exf4 18. Bxf4 Nxf4 19. Qxf4 0-0-0 20. Rac1 b6 21. Na3 Kb7 22. Na2 Qb8 23. Nc4 Be7 24. Qe3 Ka7 25. Qc3 Rde8 26. Qg3 Rhg8 27. Nc3 g5 28. Ra1 Kb7 29. Ra2 h5 30. Nb5 Bxb5 31. axb5 h4 32. Qg4 Qc8 33. Qxc8+ Rxc8 34. Ne3 Kc7 35. b4 cxb4 36. Rc1+ Kb7 37. Rc6 Rxc6 38. dxc6+ Kb8 39. Nd5 Bd8 40. c7+ Bxc7 41. Nxf6 Rg6 42. Ng4 Re6 43. Nf2 Bd8 44. b3 Bf6 45. Rd2 Bc3 46. Rd5 Be5 47. Nd3 Kc7 48. Nxe5 Rxe5 49. Rd4 Rxb5 50. Kf2 Re5 51. Ke3 Kc6 52. Rd3 d5 0-1

[Event "Ljubljana op 2nd"]
[Site "Ljubljana"]
[Date "2013.05.28"]
[Round "5"]
[White "Novakovic, Gosto"]
[Black "Sketa, Mark"]
[Result "1/2-1/2"]
[WhiteElo "1819"]
[BlackElo "1501"]
[PlyCount "94"]
[EventDate "2013.04.03"]
[EventType "swiss"]
[EventRounds "9"]
[EventCountry "SLO"]
[SourceTitle "EXT 2023"]
[Source "ChessBase"]
[SourceDate "2022.10.05"]
[SourceVersion "1"]
[SourceVersionDate "2022.10.05"]
[SourceQuality "1"]

1. e4 c5 2. Nf3 Nc6 3. d4 cxd4 4. Nxd4 g6 5. c3 Bg7 6. Be3 a6 7. Bd3 e6 8. 0-0 Nge7 9. f4 0-0 10. Nd2 b5 11. f5 exf5 12. exf5 Nd5 13. Bf2 Nf4 14. N2f3 Bb7 15. Ne2 Nxd3 16. Qxd3 Ne5 17. Nxe5 Bxe5 18. Bd4 Qg5 19. Qh3 Rfe8 20. Be3 Bxh2+ 21. Kxh2 Rxe3 22. Ng3 Rae8 23. Rad1 R8e4 24. Rd4 Rxd4 25. cxd4 Rd3 26. fxg6 hxg6 27. Re1 Qd8 28. Qg4 Qb8 29. Re5 Rd2 30. Ne4 Bxe4 31. Qxe4 Rxd4 32. Qxd4 f6 33. Qd5+ Kh8 34. Qxd7 Qxe5+ 35. Kh3 Qf5+ 36. Qxf5 gxf5 37. Kg3 Kg7 38. Kf4 Kg6 39. b4 Kf7 40. Kxf5 Ke7 41. g4 Kf7 42. a3 Ke7 43. Ke4 Ke6 44. Kf4 Kd6 45. Kf5 Ke7 46. Kg6 Ke6 47. Kg7 Ke7 1/2-1/2

[Event "Ljubljana op 2nd"]
[Site "Ljubljana"]
[Date "2013.05.22"]
[Round "6"]
[White "Marn, Jan"]
[Black "Novakovic, Gosto"]
[Result "0-1"]
[WhiteElo "1384"]
[BlackElo "1819"]
[PlyCount "100"]
[EventDate "2013.04.03"]
[EventType "swiss"]
[EventRounds "9"]
[EventCountry "SLO"]
[SourceTitle "EXT 2023"]
[Source "ChessBase"]
[SourceDate "2022.10.05"]
[SourceVersion "1"]
[SourceVersionDate "2022.10.05"]
[SourceQuality "1"]

1. e4 e5 2. Nf3 Nc6 3. Bc4 Bc5 4. 0-0 Nf6 5. d3 0-0 6. Bg5 Be7 7. Nc3 h6 8. Be3 d6 9. h3 Na5 10. Bb5 c6 11. Ba4 b5 12. Bb3 Nb7 13. Re1 a5 14. a3 a4 15. Ba2 Qc7 16. d4 exd4 17. Bxd4 Ne8 18. e5 d5 19. Bxd5 cxd5 20. Nxd5 Qd8 21. Nxe7+ Qxe7 22. Bc3 Nc7 23. Bb4 Nc5 24. Qd6 Qxd6 25. exd6 N7e6 26. Re5 Nd7 27. Rxb5 Ba6 28. Rd5 Rfc8 29. c3 Bb7 30. Rd3 Bxf3 31. Rxf3 Ra6 32. Rd1 Rcc6 33. Rd5 g6 34. Rb5 Rcb6 35. Rd5 Rc6 36. Rb5 Rxd6 37. Bxd6 Rxd6 38. Rb4 Ndc5 39. Rh4 Kg7 40. Rg3 Rd1+ 41. Kh2 Rd2 42. Rb4 Rxf2 43. Rf3 Re2 44. Rg3 g5 45. h4 Kg6 46. hxg5 hxg5 47. Rgg4 f5 48. Rg3 g4 49. c4 Kg5 50. Kg1 Nf4 0-1

[Event "Ljubljana op 2nd"]
[Site "Ljubljana"]
[Date "2013.04.17"]
[Round "2"]
[White "Vidic, Teja"]
[Black "Novakovic, Gosto"]
[Result "1-0"]
[WhiteElo "1894"]
[BlackElo "1819"]
[PlyCount "89"]
[EventDate "2013.04.03"]
[EventType "swiss"]
[EventRounds "9"]
[EventCountry "SLO"]
[SourceTitle "EXT 2023"]
[Source "ChessBase"]
[SourceDate "2022.10.05"]
[SourceVersion "1"]
[SourceVersionDate "2022.10.05"]
[SourceQuality "1"]

1. e4 c5 2. c3 Nc6 3. d4 d6 4. Be3 b6 5. Nf3 Qc7 6. h3 Bd7 7. Nbd2 g6 8. Be2 Bg7 9. 0-0 Nf6 10. Nh2 0-0 11. f4 Ne8 12. d5 Nd8 13. Bg4 e6 14. dxe6 fxe6 15. Qb3 Kh8 16. Rf2 Nf6 17. Raf1 Nxg4 18. hxg4 b5 19. f5 exf5 20. exf5 Be5 21. Bh6 c4 22. Qc2 Rg8 23. f6 Ne6 24. f7 Rgf8 25. Bxf8 Rxf8 26. Nhf3 Bg3 27. Re2 Rxf7 28. Nd4 Nf4 29. Re3 Bh4 30. g3 Nh3+ 31. Kg2 Rxf1 32. Nxf1 Bg5 33. Kxh3 Bxe3 34. Nxe3 Qb7 35. Qg2 Qc8 36. Qf3 Qe8 37. Qf6+ Kg8 38. Nd5 h5 39. Ne7+ Kh7 40. Ne6 Bxe6 41. Qxe6 d5 42. Kh4 a5 43. gxh5 gxh5 44. Kg5 Qd8 45. Qg6+ 1-0

[Event "Ljubljana-chT 66th 1st League"]
[Site "Ljubljana"]
[Date "2013.03.14"]
[Round "8.2"]
[White "Novakovic, Gosto"]
[Black "Veskovic, Dzemal"]
[Result "0-1"]
[WhiteElo "1813"]
[BlackElo "1982"]
[PlyCount "148"]
[EventDate "2013.01.10"]
[EventType "team-tourn"]
[EventRounds "9"]
[EventCountry "SLO"]
[SourceTitle "EXT 2022"]
[Source "ChessBase"]
[SourceDate "2021.10.06"]
[SourceVersion "1"]
[SourceVersionDate "2021.10.06"]
[SourceQuality "1"]
[WhiteTeam "Zelenci LPP"]
[BlackTeam "Crni Graben"]
[WhiteTeamCountry "SLO"]
[BlackTeamCountry "SLO"]

1. d4 e6 2. c4 Be7 3. Nc3 Nf6 4. e4 d6 5. Be3 Nbd7 6. Bd3 c6 7. h3 e5 8. d5 c5 9. f4 0-0 10. Nge2 Nh5 11. 0-0 g6 12. g4 Nxf4 13. Nxf4 exf4 14. Bxf4 a6 15. Qd2 Ne5 16. Bh6 Re8 17. b3 Bf6 18. Bc2 Bg7 19. Bg5 f6 20. Bh4 Qe7 21. Rf2 Bd7 22. Raf1 Rf8 23. a4 g5 24. Bg3 h5 25. Bxe5 Qxe5 26. Rg2 hxg4 27. hxg4 Kf7 28. Ne2 Rh8 29. Nc1 Rh4 30. Nd3 Qd4+ 31. Qf2 Qc3 32. Qg3 Rxg4 33. Qxd6 Rxg2+ 34. Kxg2 Qxc2+ 35. Kg1 Qxd3 36. Qxd7+ Kg8 37. Qe6+ Kh8 38. Rf2 Qd1+ 39. Kg2 Qh5 40. Kg1 Re8 41. Qd7 Rxe4 42. Qc8+ Re8 43. Qxc5 Re1+ 44. Kg2 Qg4+ 45. Kh2 Rg1 46. Qe3 Rd1 47. Qh3+ Qxh3+ 48. Kxh3 Rd3+ 49. Kg4 Kg8 50. Kf5 Kf7 51. b4 Rd4 52. b5 Rxc4 53. bxa6 bxa6 54. d6 Rd4 55. d7 Rxd7 56. Rc2 Rd5+ 57. Ke4 Ra5 58. Rc4 Kg6 59. Kf3 f5 60. Kg3 Bf6 61. Rb4 Rd5 62. Rb6 a5 63. Ra6 Kf7 64. Ra7+ Be7 65. Kf3 Ke6 66. Ra6+ Bd6 67. Ra8 g4+ 68. Ke3 Rc5 69. Kd4 Re5 70. Kc4 g3 71. Re8+ Kd7 72. Rg8 f4 73. Kd4 Re7 74. Rg5 f3 0-1

[Event "Ljubljana-chT 66th 1st League"]
[Site "Ljubljana"]
[Date "2013.02.07"]
[Round "4.2"]
[White "Novakovic, Gosto"]
[Black "Sirnik, Bostjan"]
[Result "0-1"]
[WhiteElo "1813"]
[BlackElo "2248"]
[PlyCount "106"]
[EventDate "2013.01.10"]
[EventType "team-tourn"]
[EventRounds "9"]
[EventCountry "SLO"]
[SourceTitle "EXT 2022"]
[Source "ChessBase"]
[SourceDate "2021.10.06"]
[SourceVersion "1"]
[SourceVersionDate "2021.10.06"]
[SourceQuality "1"]
[WhiteTeam "Zelenci LPP"]
[BlackTeam "Mentor"]
[WhiteTeamCountry "SLO"]
[BlackTeamCountry "SLO"]

1. d4 d6 2. c4 e5 3. e3 Nc6 4. Nc3 g6 5. Nf3 Bg7 6. b4 exd4 7. exd4 Nxb4 8. Bb2 Nc6 9. Be2 Nge7 10. 0-0 0-0 11. Ne4 d5 12. Ng3 dxc4 13. Bxc4 Bg4 14. Ne2 Bxf3 15. gxf3 Nf5 16. Ba3 Qh4 17. Ng3 Ncxd4 18. Rc1 Qh3 19. Bd5 c6 20. Be4 Nh4 21. f4 Rfe8 22. Bh1 Re2 23. Rc3 Rxa2 24. Rd3 Re8 25. Bc5 Ne6 26. Re1 Ra1 27. Qe2 Rxe1+ 28. Qxe1 Nf5 29. Bg2 Qg4 30. h3 Qxf4 31. Rf3 Qe5 32. Be3 Nh4 33. Qb4 Nxf3+ 34. Bxf3 Ng5 35. Bg2 b6 36. Kh2 c5 37. Qa4 h5 38. Bxg5 a5 39. Bf4 Qe7 40. Ne4 Be5 41. Bxe5 Qxe5+ 42. Kg1 Rd8 43. Ng3 Qe1+ 44. Nf1 Rd4 45. Qc6 Rf4 46. f3 Rb4 47. Qf6 a4 48. f4 Qe6 49. Qd8+ Kg7 50. Ng3 Qe3+ 51. Kh2 Qxf4 52. h4 a3 53. Kg1 Qxg3 0-1

[Event "Ljubljana-chT 66th 1st League"]
[Site "Ljubljana"]
[Date "2013.01.10"]
[Round "1.2"]
[White "Rojs, Igor"]
[Black "Novakovic, Gosto"]
[Result "0-1"]
[WhiteElo "1949"]
[BlackElo "1813"]
[PlyCount "94"]
[EventDate "2013.01.10"]
[EventType "team-tourn"]
[EventRounds "9"]
[EventCountry "SLO"]
[SourceTitle "EXT 2022"]
[Source "ChessBase"]
[SourceDate "2021.10.06"]
[SourceVersion "1"]
[SourceVersionDate "2021.10.06"]
[SourceQuality "1"]
[WhiteTeam "Trzin Buscotrade"]
[BlackTeam "Zelenci LPP"]
[WhiteTeamCountry "SLO"]
[BlackTeamCountry "SLO"]

1. d4 d5 2. Nf3 Nf6 3. c4 e6 4. Nc3 Be7 5. Bf4 a6 6. e3 0-0 7. Rc1 c6 8. Bd3 Nbd7 9. b3 h6 10. Ne5 Nxe5 11. Bxe5 Nd7 12. Bf4 Bg5 13. Bg3 Re8 14. f4 Bf6 15. 0-0 c5 16. Bb1 cxd4 17. exd4 Nf8 18. c5 Bd7 19. b4 Rc8 20. Bf2 Bc6 21. Be3 Qe7 22. a4 b5 23. axb5 axb5 24. Bd3 Qb7 25. Ra1 Ra8 26. Qe2 Rxa1 27. Rxa1 Ng6 28. Qa2 Nxf4 29. Bf1 e5 30. Qd2 Ne6 31. Ne2 exd4 32. Nxd4 Nxd4 33. Bxd4 Bxd4+ 34. Qxd4 Re4 35. Qd2 Qe7 36. Ra6 Re6 37. Rb6 g5 38. Qd4 f6 39. Qg4 Kg7 40. h4 Re4 41. Qc8 Rxh4 42. g3 Qe3+ 43. Kg2 Qe4+ 44. Kg1 Qh1+ 45. Kf2 Rh2+ 46. Ke1 Qe4+ 47. Kd1 Qb1# 0-1

[Event "Ljubljana Spring op"]
[Site "Ljubljana"]
[Date "2012.05.22"]
[Round "7"]
[White "Novakovic, Gosto"]
[Black "Debevec, Blaz"]
[Result "0-1"]
[WhiteElo "1777"]
[BlackElo "2068"]
[PlyCount "72"]
[EventDate "2012.04.04"]
[EventType "swiss"]
[EventRounds "9"]
[EventCountry "SLO"]
[SourceTitle "EXT 2023"]
[Source "ChessBase"]
[SourceDate "2022.10.05"]
[SourceVersion "1"]
[SourceVersionDate "2022.10.05"]
[SourceQuality "1"]

1. e4 c5 2. Nf3 Nc6 3. d4 cxd4 4. Nxd4 g6 5. Be3 Bg7 6. c3 Nf6 7. Bd3 0-0 8. Nd2 d5 9. h3 e5 10. N4f3 h6 11. Bc5 Re8 12. Qc2 b6 13. Ba3 Bb7 14. 0-0-0 Rc8 15. Kb1 Nd4 16. Qa4 Nxf3 17. gxf3 Qc7 18. Rc1 Red8 19. Qc2 Kh8 20. Rhg1 Qd7 21. Rcd1 Nh5 22. exd5 Nf4 23. d6 f5 24. Rxg6 e4 25. Rxg7 exd3 26. Qc1 Qxg7 27. Nb3 Qe5 28. Re1 Ne2 29. Qxh6+ Kg8 30. Qg6+ Qg7 31. Qxg7+ Kxg7 32. Nd4 Nxd4 33. cxd4 d2 34. Rg1+ Kf7 35. Bb4 Rg8 36. Rf1 Ba6 0-1

[Event "Ljubljana-chT 65th 1st League"]
[Site "Ljubljana"]
[Date "2012.03.01"]
[Round "6.1"]
[White "Sedlar, Tomo"]
[Black "Novakovic, Gosto"]
[Result "1/2-1/2"]
[WhiteElo "1954"]
[BlackElo "1777"]
[PlyCount "53"]
[EventDate "2012.01.12"]
[EventType "team-tourn"]
[EventRounds "9"]
[EventCountry "SLO"]
[SourceTitle "EXT 2022"]
[Source "ChessBase"]
[SourceDate "2021.10.06"]
[SourceVersion "1"]
[SourceVersionDate "2021.10.06"]
[SourceQuality "1"]
[WhiteTeam "Barob Smarca"]
[BlackTeam "Zelenci LPP"]
[WhiteTeamCountry "SLO"]
[BlackTeamCountry "SLO"]

1. d4 d5 2. c4 Nf6 3. Nc3 e6 4. Bg5 Be7 5. e3 h6 6. Bf4 c5 7. Nf3 0-0 8. Bd3 Nc6 9. 0-0 b6 10. cxd5 exd5 11. dxc5 Bxc5 12. Rc1 Bb7 13. Bb1 Ne7 14. Nd4 Ne4 15. Qd3 Ng6 16. Bg3 a5 17. Rfd1 Qg5 18. Nf3 Qh5 19. Nxd5 Nxg3 20. hxg3 Rad8 21. e4 Rd6 22. Qc2 Bxd5 23. exd5 Rxd5 24. Rxd5 Qxd5 25. Rd1 Qe6 26. Nh4 Qf6 27. Kf1 1/2-1/2

[Event "Ljubljana Autumn op"]
[Site "Ljubljana"]
[Date "2011.10.05"]
[Round "2"]
[White "Novakovic, Novica"]
[Black "Novakovic, Gosto"]
[Result "0-1"]
[WhiteElo "1704"]
[BlackElo "1747"]
[PlyCount "136"]
[EventDate "2011.09.28"]
[EventType "swiss"]
[EventRounds "9"]
[EventCountry "SLO"]
[SourceTitle "EXT 2023"]
[Source "ChessBase"]
[SourceDate "2022.10.05"]
[SourceVersion "1"]
[SourceVersionDate "2022.10.05"]
[SourceQuality "1"]

1. d4 d5 2. c4 e6 3. Nc3 Nf6 4. cxd5 exd5 5. Bg5 Be7 6. e3 h6 7. Bh4 0-0 8. Bd3 Nc6 9. Rc1 Bg4 10. Nge2 Nh5 11. Bxe7 Nxe7 12. h3 Be6 13. 0-0 c6 14. Kh2 Qd6+ 15. Ng3 Nf6 16. Kg1 Rad8 17. Bb1 Nh7 18. Bxh7+ Kxh7 19. Qd3+ f5 20. Nce2 Kh8 21. Nf4 Bg8 22. Qe2 Bh7 23. Nd3 Ng6 24. Qh5 f4 25. Nf5 Qf6 26. Nxh6 gxh6 27. Qxh6 f3 28. g3 Qg7 29. Qxg7+ Kxg7 30. Nc5 Rf6 31. Rc3 Ne7 32. Nxb7 Rb8 33. Rb3 Rh6 34. Kh2 Bf5 35. h4 Rbh8 36. Rg1 Bg4 37. Nc5 Nf5 38. Rb7+ Kg6 39. Rh1 Bh3 40. Nd3 Nxh4 41. Nf4+ Kf6 42. Nxh3 Nf5 43. Kg1 Rxh3 44. Rxh3 Rxh3 45. Rxa7 Rh8 46. b4 Rb8 47. a3 Nd6 48. Ra6 Rc8 49. a4 Ke7 50. Ra7+ Ke6 51. Rh7 Rb8 52. Rh6+ Ke7 53. b5 cxb5 54. axb5 Rxb5 55. Rh7+ Nf7 56. g4 Kf6 57. Kh2 Rb1 58. Kg3 Rg1+ 59. Kf4 Rf1 60. Kxf3 Ng5+ 61. Kg2 Rxf2+ 62. Kxf2 Nxh7 63. Kf3 Ng5+ 64. Kf4 Ne4 65. Kf3 Kg5 66. Ke2 Kxg4 67. Kd3 Kf3 68. Kc2 Kxe3 0-1